00383nam a2200133Ia 4500008004100000041001200041082001900053100002000072245008400092250001300176260002100189300001300210650002600223231217s9999 xx 000 0 und d aEnglish a001.642 GEA;9 aGear, C William 0aComputer organization and programming: With an emphasis on the personal com.... a4th ed.  c1985bJohn Wiley axiii+413 aComputer organization